The impact of recession in African countries: effects on the poor: the case of Liberia (Record no. 46349)

MARC details
000 -LEADER
fixed length control field 00699nam a2200169 a 4500
008 - FIXED-LENGTH DATA ELEMENTS--GENERAL INFORMATION
fixed length control field 120813s1985 ||||||||||||||||| || u
020 ## - INTERNATIONAL STANDARD BOOK NUMBER
International Standard Book Number 9221036472
050 ## - LIBRARY OF CONGRESS CALL NUMBER
Classification number UN-ILO(02)
110 ## - MAIN ENTRY--CORPORATE NAME
Corporate name or jurisdiction name as entry element United Nations International Labour Organization (ILO)
245 14 - TITLE STATEMENT
Title The impact of recession in African countries: effects on the poor: the case of Liberia
260 ## - PUBLICATION, DISTRIBUTION, ETC.
Place of publication, distribution, etc. Addis Ababa
Name of publisher, distributor, etc. International Labour Organisation (ILO)
Date of publication, distribution, etc. 1985
300 ## - PHYSICAL DESCRIPTION
Extent 54p.
490 ## - SERIES STATEMENT
Series statement Jobs and skills programme for Africa
650 ## - SUBJECT ADDED ENTRY--TOPICAL TERM
Topical term or geographic name entry element RECESSIONS--TANZANIA
650 ## - SUBJECT ADDED ENTRY--TOPICAL TERM
Topical term or geographic name entry element POOR--LIBERIA
995 ## - RECOMMENDATION 995 [LOCAL, UNIMARC FRANCE]
-- CBU-MAIN LIBRARY (Kitwe)
-- 1
-- AVAILABLE
-- Aug 16, 2012
-- International Publications
Holdings
Withdrawn status Lost status Source of classification or shelving scheme Damaged status Not for loan Home library Current library Shelving location Date acquired Total Checkouts Full call number Barcode Date last seen Price effective from Koha item type
          CBU-MAIN LIBRARY, KITWE. CBU-MAIN LIBRARY, KITWE.   11/30/2022   UN-ILO(02) B126 11/30/2022 11/30/2022 MONOGRAPH